| 000 | 00679nam a2200217Ia 4500 | ||
|---|---|---|---|
| 003 | GCL | ||
| 008 | 140319s9999 xx 000 0 ara d | ||
| 020 | _a0000059960 | ||
| 040 |
_aGCL / _cGCL |
||
| 082 | 0 | 4 |
_a616.0194 _bت و |
| 100 | 1 | _aتمبرى،موراج سى | |
| 245 | 1 | 0 |
_aالوجيز فى الفيروسات الطبية / _cتمبرى،موراج سى |
| 250 | _aالاولى | ||
| 260 |
_aالرياض : _bجامعة الملك سعود |
||
| 300 |
_a337 ص ؛ _c24 سم |
||
| 650 | 0 | 4 | _aالفيروسات |
| 650 | 0 | 4 | _aالعدوى والامراض المعدية |
| 650 | 0 | 4 | _aالاوبئة |
| 650 | 0 | 4 | _aالفيروسات الطبية |
| 942 |
_2ddc _cBK |
||
| 999 |
_c6969 _d6969 |
||